Příležitosti malé ekonomiky v globalizaci

Pojem malý štát a členenie krajín podľa veľkosti. Ekonomické výhody a nevýhody malých krajín. Poradie krajín v roku 2007 podľa konkurencieschopnosti. Štruktúra indexu miery globalizácie A.T. Kearney. Možnosti prekonania "malosti" krajín v procese globalizácie. Internacionalizácia firiem. Využit...

Ausführliche Beschreibung

Gespeichert in:
Bibliographische Detailangaben
1. Verfasser: Jiránková, Martina
Format: Buchkapitel
Sprache:Tschechisch
Schlagworte:
Tags: Tag hinzufügen
Keine Tags, Fügen Sie das erste Tag hinzu!

MARC

LEADER 00000naa$a2200000$$$4500
001 0103000
005 20231116104824.4
041 0 |a cze 
044 |a CZ 
245 1 0 |a Příležitosti malé ekonomiky v globalizaci  |c Martina Jiránková 
520 |a Pojem malý štát a členenie krajín podľa veľkosti. Ekonomické výhody a nevýhody malých krajín. Poradie krajín v roku 2007 podľa konkurencieschopnosti. Štruktúra indexu miery globalizácie A.T. Kearney. Možnosti prekonania "malosti" krajín v procese globalizácie. Internacionalizácia firiem. Využitie existencie medzinárodných finančných trhov. 
610 2 0 |a globalizácia 
610 2 0 |a trh finančný medzinárodný 
610 2 0 |a výhody komparatívne 
610 2 0 |a internacionalizácia 
610 2 0 |a hospodárstvo otvorené 
610 2 0 |a konkurencieschopnosť 
100 1 |a Jiránková, Martina